Vista normal
Vista MARC
Entrada Materia (personas)
Número de registros utilizados en: 5
001 - CONTROL NUMBER
- control field: 75747
003 - CONTROL NUMBER IDENTIFIER
- control field: Co-BoUCM
005 - DATE AND TIME OF LATEST TRANSACTION
- control field: 20160224073536.0
008 - FIXED-LENGTH DATA ELEMENTS
- fixed length control field: 160224|| aca||aabn | a|a d
040 ## - CATALOGING SOURCE
- Original cataloging agency: Co-BoUCM
- Transcribing agency: Co-BoUCM
100 ## - HEADING--PERSONAL NAME
- Personal name: Maddala, G. S.
670 ## - SOURCE DATA FOUND
- Source citation: Work cat.: (Co-BoUCM)28364: Maddala, G. S., Unit roots cointegration and structural change, 1998